000 00454nam a22001817a 4500
003 koha_MIRAKIL
005 20231213095812.0
008 231213b |||||||| |||| 00| 0 ||| d
020 _b9-75284498-7
040 _aTR-IsEVY
_btur
_cTR-IsEVY
082 _aFIC BAL/E
100 _aBal, Fikret.
245 0 _aEla ile ata el ele
_bmarkette.
260 _bMorpa Kültür Yayınları,
_c2006
300 _a16
650 _aGenel Konular.
942 _2ddc
_cBK
999 _c9680
_d9680